01096nam a2200217 a 450000100100000000500170001000800410002702000170006804000250008510000390011024500720014926001280022130000280034950000690037750400320044671000550047895201110053395201050064495201120074999900170086100004038920201002034112.0130823s2009 mx 000 0 spa d a978968366181 aDO-SdBNPbspacBNPHU1 aTorre Villar, Ernesto de la96628110aBreve historia del libro en México /cErnesto de la Torre Villar. aMéxico :bUniversidad Nacional Autónoma de México :bDirección General de Publicaciones y Fomento Editorial,c2009. a235 p. :bil. ;c23 cm. aIncluye datos biográficos del autor en la solpa de la cubierta aBibliografía : p. 180-1932 aUniversidad Nacional Autónoma de México942447 001050718MOaGRbGRcCTd2013-08-23iLF1l0o p40389-10r2020-06-25te. 3w2020-06-25y1ZNo se presta 001050718MOaGRbGRcCTd2013-08-23iLF1l0o p40389-20r2020-06-25w2020-06-25y1ZNo se presta 001050718MOaGRbGRcCTd2013-08-23iLF1l0o p40389-30r2020-06-25te. 25w2020-06-25y1ZNo se presta c39879d39879